Boquitas pintadas

Guardat en:
Dades bibliogràfiques
Autor principal: Puig, Manuel
Format: Llibre
Idioma:Undetermined
Publicat: Madrid, España Editorial Planeta 1992
Matèries:
Etiquetes: Afegir etiqueta
Sense etiquetes, Sigues el primer a etiquetar aquest registre!

MARC

LEADER 00000nam a2200000Ia 4500
008 170316s9999 xx 000 0 und d
040 |a cru BVZT 
090 |a 860 P-36bo 
100 |a Puig, Manuel 
245 |a Boquitas pintadas 
260 |a Madrid, España 
260 |b Editorial Planeta 
260 |c 1992 
300 |a 258 páginas 
650 |a LITERATURA LATINOAMERICANA 
650 |a NOVELA 
999 |c 9102  |d 9102 
942 |c 15 D  |h 860 P-36bo  |2 z